000 00814nam a22002417a 4500
003 URS
005 20260223164113.0
008 260214t2024 ph ||||| |||| 001 0 eng d
020 _a9786210451030
040 _aDLC
_bDLC
_cDLC
_dURS
_dDLC
_erda
082 _21st Edition
_a651.3
_bM2752 2024
100 _aMagno, Rosemarie F.,
_eauthor
245 _aAdministrative and office management /
_cRosemarie F. Magno.
264 _aSampaloc, Manila:
_bRex Book Store, Inc.,
_c[2024]
300 _aviii, 346 pages
_bIllustration
_c26 cm
336 _2rdacontent
_atext
_btxt
337 _2rdamedia
_aunmediated
_bn
338 _2rdacarrier
_avolume
_bnc
504 _aIncludes bibliographical references (pages 333-336), and indexes.
650 _aOffice management.
650 _aAdminsitrative management.
942 _2ddc
_cF
999 _c98779
_d98776